Score 0/30 Timer 08:00
0 Plays Today
% Correct
Life of Pi
95.5%
Star Wars: Episode V - The Empire Strikes Back
94.2%
The Mask
91.6%
Cast Away
90%
The Birds
87.9%
Men in Black
87.5%
Pulp Fiction
82.3%
300
81.3%
The Karate Kid
79.5%
Gone with the Wind
69.6%
Pretty Woman
68.8%
3 Men and a Baby
68.3%
Zoolander
65.8%
Twins
64.8%
Clueless
63.9%
% Correct
Donnie Darko
62.2%
Straight Outta Compton
61.8%
We Bought a Zoo
60.8%
The Shawshank Redemption
60.8%
The King's Speech
57%
Léon: The Professional
43.8%
Say Anything...
43.6%
Flight
43.3%
Blazing Saddles
40.4%
Seven Samurai
40.3%
Citizen Kane
37%
Death Becomes Her
30.9%
Kindergarten Cop
19.7%
Brief Encounter
7.5%
Don't Look Now
7.1%
Remove Ads.
Support Sporcle.
Get the best of Sporcle when you Go Orange. This ad-free experience offers more features, more stats, and more fun while also helping to support Sporcle. Thank you for becoming a member.

You're not logged in!

Compare scores with friends on all Sporcle quizzes.
OR
Log In

Show Comments

Extras

Top Quizzes Today


Score Distribution

Your Account Isn't Verified!

In order to create a playlist on Sporcle, you need to verify the email address you used during registration. Go to your Sporcle Settings to finish the process.

Report this User

Report this user for behavior that violates our Community Guidelines.

Details: